宁夏回族自治区市辖区 - Statistics

General Stats
  • This quiz has been taken 16 times
  • The average score is 6 of 9
Answers on the Map
Answers color-coded by a green-red scale on the quiz's map according to % correct below.
 
Answer Stats
Answer % Correct
兴庆区
90%
西夏区
90%
金凤区
90%
沙坡头区
90%
原州区
70%
利通区
60%
大武口区
50%
惠农区
50%
红寺堡区
40%
No matching quizzes found
Score Distribution
Percent of People with Each Score
Percentile by Number Answered
Your Score History
You have not taken this quiz